000 00794ntm a22003137a 4500
005 20260427145955.0
008 170320b1999 xxu||||| |||| 00| 0 spa d
020 _a980618453X
041 _aESP
082 _a617.692 F534e
100 _aFischer, Jens
_944910
245 _aEstética y Prótesis
260 _aColombia
260 _bActualidades Médico Odontológicas Latinoamérica
260 _c1999
300 _a220 páginas
300 _bFOTOGRAFÍAS A COLOR
490 _aMecánica Dental
650 _aPROSTODONCIA
650 _aPRÓTESIS DENTALES
650 _aPRÓTESIS TOTAL
650 _aMATERIALES DENTALES
650 _aCERÁMICA
650 _aMETAL CERÁMICA
650 _aIMPLANTES
650 _aORTODONCIA
650 _aESTÉTICA
942 _cBK
_2ddc
999 _c10095
_d10095